Statistics for Honourable Members by Favourite Flag

Click here to take the quiz!

General Stats

  • This quiz has been taken 21 times
    (10 since last reset)
  • The average score is 9 of 20

Answer Stats

Answer% Correct
Macaco
78%
FlabberBapper
67%
RedLightning
67%
Rg and Devvik2
67%
Stef2
67%
CringeDragon
56%
Nilles
56%
Gassu
44%
Malkiboy
44%
Saturn
44%
Gyrule
33%
IAB
33%
lele20
33%
Nathaniel
33%
NINJAQKk
33%
Pacybwoah
33%
Penguinish
33%
rawe
33%
Raz07
33%
UG332
33%

Score Distribution

Percentile by Number Answered

Percent of People with Each Score

Your Score History

You have not taken this quiz since the last reset